| 000 | 006130000a22002170004500 | ||
|---|---|---|---|
| 003 | LK-CoMWRAF | ||
| 005 | 20230920125856.0 | ||
| 008 | 230817t1999 ||||| |||| 00| 0 eng d | ||
| 020 | _a9780670888351 | ||
| 040 |
_aLK-CoMWRAF _dLK-CoMWRAF _eLK-CoMWRAF |
||
| 041 | _aeng | ||
| 082 |
_a302.14 _bCON |
||
| 245 | _aThe Concerned Indian's Guide to Communalism | ||
| 260 |
_aNew Delhi: _bViking, _c1999 |
||
| 300 |
_axxxv, 252 p. ; 22 cm. _bIndex included |
||
| 650 | _aCOMMUNALISM-India | ||
| 650 | _aSecularism--India | ||
| 650 | _aPolitics and government- India | ||
| 700 |
_aPanikkar, K. N. _eed. |
||
| 942 | _cBK | ||
| 999 |
_c305 _d305 |
||